Statistics for Guess The Taylor Swift Song by Lyrics Alone

Click here to take the quiz!

General Stats

  • This quiz has been taken 15 times
  • The average score is 248 of 347

Answer Stats

Answer% Correct
a
100%
A
100%
an
100%
And
100%
and
100%
I
100%
It
100%
it
100%
on
100%
to
100%
To
100%
me
92%
No
92%
when
92%
be
83%
can
83%
Can
83%
do
83%
Dont
83%
Eve
83%
have
83%
if
83%
in
83%
In
83%
is
83%
its
83%
my
83%
of
83%
Of
83%
The
83%
the
83%
who
83%
Who
83%
at
75%
been
75%
Im
75%
so
75%
someone
75%
want
75%
was
75%
with
75%
again
67%
around
67%
But
67%
but
67%
even
67%
from
67%
gone
67%
Just
67%
just
67%
Let
67%
like
67%
look
67%
Mine
67%
oh
67%
Oh
67%
once
67%
said
67%
Speak
67%
speak
67%
they
67%
wait
67%
wouldnt
67%
wouldve
67%
About
58%
beg
58%
bitten
58%
change
58%
Change
58%
company
58%
cool
58%
cursed
58%
Feeling
58%
get
58%
got
58%
greater
58%
has
58%
hope
58%
infant
58%
ink
58%
Ive
58%
knees
58%
last
58%
looked
58%
made
58%
money
58%
out
58%
pen
58%
play
58%
Please
58%
prophecy
58%
redo
58%
round
58%
Sky
58%
sky
58%
sound
58%
stays
58%
table
58%
tell
58%
theyre
58%
very
58%
wants
58%
woman
58%
afraid
50%
bottle
50%
Cards
50%
caught
50%
coven
50%
crumble
50%
drops
50%
fable
50%
fools
50%
Gathered
50%
guess
50%
Hand
50%
hand
50%
him
50%
home
50%
howl
50%
lesser
50%
Lightning
50%
lightning
50%
lost
50%
moon
50%
pricked
50%
quicksand
50%
sinking
50%
statues
50%
still
50%
Thought
50%
throttle
50%
unstable
50%
will
50%
wolf
50%
written
50%
blood
42%
coin
42%
dream
42%
faith
42%
greige
42%
Itll
42%
paperweight
42%
Poison
42%
punishment
42%
sealed
42%
shades
42%
sign
42%
sorceress
42%
Spending
42%
wound
42%
fate
33%
ok
33%
Pad
33%
Slow
33%
soulmates
33%

Score Distribution

Percentile by Number Answered

Percent of People with Each Score

Your Score History

You have not taken this quiz